Voldemort's Horcrux Possessors Quiz Stats

Quiz Updated Mar 20, 2016

Challenge
Share
Tweet
Embed
Score 0/32 Timer 04:00
1 Play Today
Horcrux Character % Correct
Salazar Slytherin's LocketHarry Potter
98.1%
Tom Riddle's DiaryHarry Potter
98.1%
Helga Hufflepuff's CupHarry Potter
98.1%
Rowena Ravenclaw's DiademHarry Potter
98.1%
Salazar Slytherin's LocketVoldemort
96.3%
Marvolo Gaunt's RingVoldemort
96.3%
Tom Riddle's DiaryVoldemort
96.3%
Helga Hufflepuff's CupVoldemort
96.3%
Rowena Ravenclaw's DiademVoldemort
96.3%
Marvolo Gaunt's RingAlbus Dumbledore
94.4%
Tom Riddle's DiaryGinny Weasley
94%
Salazar Slytherin's LocketRon Weasley
92.3%
Helga Hufflepuff's CupRon Weasley
92.3%
Salazar Slytherin's LocketHermione Granger
90%
Helga Hufflepuff's CupHermione Granger
90%
Rowena Ravenclaw's DiademRowena Ravenclaw
89.8%
Horcrux Character % Correct
Salazar Slytherin's LocketMarvolo Gaunt
89.1%
Marvolo Gaunt's RingMarvolo Gaunt
89.1%
Helga Hufflepuff's CupHelga Hufflepuff
86.3%
Tom Riddle's DiaryLucius Malfoy
85.1%
Rowena Ravenclaw's DiademHelena Ravenclaw (Grey Lady)
84.9%
Salazar Slytherin's LocketSalazar Slytherin
84.6%
Salazar Slytherin's LocketRegulus Arcturus Black
78.6%
Salazar Slytherin's LocketMerope Gaunt
77.2%
Marvolo Gaunt's RingMorfin Gaunt
74.5%
Helga Hufflepuff's CupBellatrix Lestrange
72.5%
Salazar Slytherin's LocketKreacher
66.6%
Salazar Slytherin's LocketDolores Jane Umbridge
64.7%
Salazar Slytherin's LocketMundungus Fletcher
60.5%
Salazar Slytherin's LocketHepzibah Smith
44.6%
Helga Hufflepuff's CupHepzibah Smith
44.6%
Salazar Slytherin's LocketCaractacus Burke
32.8%

You're not logged in!

Compare scores with friends on all Sporcle quizzes.
Join for Free
OR
Log In

You Might Also Like...

Show Comments

Extras

Top Quizzes Today


Score Distribution

Your Account Isn't Verified!

In order to create a playlist on Sporcle, you need to verify the email address you used during registration. Go to your Sporcle Settings to finish the process.

Report this User

Report this user for behavior that violates our Community Guidelines.

Details: